|
|
|
|
| LEADER |
01929nam a2200445 i 4500 |
| 001 |
EBC4661540 |
| 003 |
MiAaPQ |
| 005 |
20200520144314.0 |
| 006 |
m o d | |
| 007 |
cr cnu|||||||| |
| 008 |
160915t20152015sz ad ob 000 0 spa d |
| 020 |
|
|
|z 9789223306359
|
| 020 |
|
|
|a 9789223306366
|q (electronic bk.)
|
| 035 |
|
|
|a (MiAaPQ)EBC4661540
|
| 035 |
|
|
|a (Au-PeEL)EBL4661540
|
| 035 |
|
|
|a (CaPaEBR)ebr11253370
|
| 035 |
|
|
|a (OCoLC)958384927
|
| 040 |
|
|
|a MiAaPQ
|b eng
|e rda
|e pn
|c MiAaPQ
|d MiAaPQ
|
| 050 |
|
4 |
|a HD5713.3
|b .B478 2015
|
| 082 |
0 |
|
|a 331.12042
|2 23
|
| 100 |
1 |
|
|a Bertranou, Fabio,
|e author.
|
| 245 |
1 |
4 |
|a Las instituciones laborales y desempeno del mercado de trabajo en Argentina /
|c Fabio Bertranou, Luis Casanova.
|
| 250 |
|
|
|a Primera edicion.
|
| 264 |
|
1 |
|a Ginebra, Switzerland :
|b Organizacion Internacional del Trabajo,
|c 2015.
|
| 264 |
|
4 |
|c 2015
|
| 300 |
|
|
|a 1 online resource (74 pages) :
|b color illustrations, tables, charts
|
| 336 |
|
|
|a text
|2 rdacontent
|
| 337 |
|
|
|a computer
|2 rdamedia
|
| 338 |
|
|
|a online resource
|2 rdacarrier
|
| 504 |
|
|
|a Includes bibliographical references.
|
| 588 |
|
|
|a Description based on online resource; title from PDF title page (ebrary, viewed September 15, 2016).
|
| 590 |
|
|
|a Electronic reproduction. Ann Arbor, MI : ProQuest, 2016. Available via World Wide Web. Access may be limited to ProQuest affiliated libraries.
|
| 650 |
|
0 |
|a Job creation.
|
| 650 |
|
0 |
|a Labor supply.
|
| 650 |
|
0 |
|a Manpower policy.
|
| 655 |
|
4 |
|a Electronic books.
|
| 700 |
1 |
|
|a Casanova, Luis,
|e author.
|
| 776 |
0 |
8 |
|i Print version:
|a Bertranou, Fabio.
|t Instituciones laborales y desempeno del mercado de trabajo en Argentina.
|b Primera edicion.
|d Ginebra, Switzerland : Organizacion Internacional del Trabajo, c2015
|h 73 pages
|z 9789223306359
|
| 797 |
2 |
|
|a ProQuest (Firm)
|
| 856 |
4 |
0 |
|u https://ebookcentral.proquest.com/lib/matrademy/detail.action?docID=4661540
|z Click to View
|